Cultural psychology of health in India: Well-being medicine and traditional health care (Record no. 23138)

MARC details
000 -LEADER
fixed length control field 00462nam a2200157Ia 4500
008 - FIXED-LENGTH DATA ELEMENTS--GENERAL INFORMATION
fixed length control field 230917s9999||||xx |||||||||||||| ||und||
040 ## - CATALOGING SOURCE
-- 241140
Original cataloging agency VIVEKANANDA LIBRARY
041 ## - Language
-- English
082 ## - DDC NUMBER
Classification number 616.8900954 D15C
100 ## - MAIN ENTRY--PERSONAL NAME
Personal name Dalal, Ajit K
245 #0 - TITLE STATEMENT
Title Cultural psychology of health in India: Well-being medicine and traditional health care
260 ## - PUBLICATION, DISTRIBUTION, ETC. (IMPRINT)
Place of publication, distribution, etc Los Angeles
Name of publisher, distributor, etc Sage
Date of publication, distribution, etc 2016
300 ## - PHYSICAL DESCRIPTION
Pages xiii, 185 p.
500 ## - GENERAL NOTE
General note 2772 13/07/2017 Main Budget
942 ## - ADDED ENTRY ELEMENTS (KOHA)
Koha item type Books
Holdings
Withdrawn status Lost status Damaged status Not for loan Location (home branch) Sublocation or collection (holding branch) Date acquired Koha issues (times borrowed) Koha full call number Accession No. Koha date last seen Koha item type
        VIVEKANANDA LIBRARY VIVEKANANDA LIBRARY 24/08/2017   616.8900954 D15C 362236 17/09/2023 Books
        VIVEKANANDA LIBRARY VIVEKANANDA LIBRARY 24/08/2017   616.8900954 D15C 370930 17/09/2023 Books
© Designed and Maintained by Vivekananda Library, MDU Rohtak